Journal of Victimology and Victim Justice

Detalles Bibliográficos
Formato: eBook
Lenguaje:inglés
Materias:
Acceso en línea:Acceso restringido

MARC

LEADER 00000nam a22000007a 4500
005 20211015005923.0
007 cr|||| ||||
008 211015c20189999in fr|w s|||| 0|||b1eng d
022 |a 2516-6069 
035 |a 33821 
040 |a vLex 
090 |c 12582  |d 12582 
245 0 0 |a Journal of Victimology and Victim Justice  |h [Recurso electrn̤ico] / 
256 |a Servicio en ln̕ea 
300 |a 1 recurso electrn̤ico 
310 |a Semestral 
362 |a Nð 1-1 (Jul. 2018) - 
506 1 |a Disponible solo en los productos indicados  |d vLex Global  |d vLex Global (Academic Edition, excluding Law Schools)  |d vLex Global (U.S. Academic Edition, Law Schools)  |d vLex Global (U.S. Academic Edition, excluding Law Schools)  |d vLex Global (Academic Edition, Law Schools) 
650 0 4 |a Derecho Penal  |z India 
740 0 |a vLex Revistas (Servicio en ln̕ea) 
856 4 0 |u https://app.vlex.com/#/sources/33821  |z Acceso restringido 
942 |c REV 
999 0 |a Criminal law